| 000 | 00450cam a22001577a 4500 | ||
|---|---|---|---|
| 005 | 20250901165816.0 | ||
| 008 | 070912s2007 ke a 000 j eng | ||
| 010 | _a 2007381320 | ||
| 020 | _a9966225595 | ||
| 050 | 0 | 0 | _aPR 9408.9 .G58 2007 |
| 100 | 1 | _aGitau, Gaylord Njui. | |
| 245 | 1 | 4 |
_aThe rough affair / _cGaylord Njui Gitau. |
| 260 |
_aNairobi : _bJomo Kenyatta Foundation, _c2007. |
||
| 300 |
_aiv, 178 p. : _bcol. ill. ; _c21 cm. |
||
| 942 | _2lcc | ||
| 999 |
_c9495 _d9495 |
||